Quizzes
Events
Quiz Creation
Community
Videos
Private Events
Remove Ads
Sign In
Join for FREE
Feedback
Dark Mode
Quiz Categories
Sports
Geography
Music
Movies
Television
Just For Fun
Miscellaneous
History
Literature
Language
Science
Gaming
Entertainment
Religion
Holiday
For Kids
Quiz Lab
Recent
Popular Today
Quiz Kudos Today
Editor Picks
Curator Picks
Quizzes by...
Day
Popularity
Type
Ratings
Length
Year
Community
Subscriptions
Recent Discussions
Orange Saloon
Badges
Playlists
Quests
Create
Leaderboards
Showdown
Live 5
Trivia Bingo
Activity
Puzzle Library
Sporcle Events
Private Events
Virtual Trivia
Globe League
Become a Host
Pub Owners
SporcleCon
Opinionation
Our Games
Videos
Blog
Mobile Apps
Partnerships
Remove Ads and Go Orange
Feedback
Just For Fun
Clickable
Get the Picture
Humor
Quick Pick
Word Ladder
Missing Word
Mixed Word
Blitz
Minefield
This or That
Alphabet
Color
Typing
Sporcle
Puzzle
Word Play
Follow That Line
Logic
Just For Fun
Clickable
Get the Picture
Humor
Quick Pick
Word Ladder
Missing Word
Mixed Word
Blitz
Minefield
This or That
Alphabet
Color
Typing
Sporcle
Puzzle
Word Play
Follow That Line
Logic
Random Quiz
Search Sporcle
×
Quiz Lab
Quiz Lab
Just For Fun
Mario
Type in answers that appear in a list
Type in answers that appear in a list
Classic
Best Score? Go Orange.
Name some of the most famous mario characters Stats
Can you name the Name ALL the mario characters..........................?
By
IHaveFURY
20m
39 Questions
280 Plays
280 Plays
280 Plays
Comments
Comments
Give Quiz Kudos
Give Quiz Kudos
-
- Ratings
hide this ad
More Info
Replay
Link that replays current quiz
Next Quiz
Link to next quiz in quiz playlist
You Got
0%
They Got
Avg Score
46%
Avg Friend Score
Upgrade to see
Score Distribution
Jump to the score distribution portion of the page
Score
0/39
Timer
20:00
0
Plays Today
clue
character
% Correct
it's a-
me, a -
-
-
-
-
!!!!!!!!!!!!!
mario
97.1%
and a-
me, -
-
-
-
-
-
-
!!!!!!!!
luigi
95%
the koopa king
bowser
92.1%
the princess of the mushroom kingdom
peach
81.8%
the lil' ghost things from luigi's mansion
boo
78.2%
he rules the lil' ghost things.
king boo
75.7%
peach's best friend
daisy
75.1%
the son of the koopa king
bowser jr.
72.5%
the residents of toad town.
toad
71.4%
he is crazy about coins
wario
70.3%
the little green dinosaur thingy
yoshi
69.9%
his name is a pun on luigi's.
waluigi
65.8%
bowser's species, but smaller
koopa troopa
65%
mario has 2 stomp on their heads 2 defeat em'.
goomba
60.7%
they come firing out at u out of cannons
bullet bill
55.4%
bowser's skeleton
dry bowser
55%
what's behind their mask...........?
shy guy
51.4%
he was the main antagonist of yoshi's island.
kamek
46.8%
i....... have............... FURY!!!!!!!!!!!!!!!!
fawful
44.6%
bowser's so called 'children'
koopalings
43.5%
clue
character
% Correct
he is ALWAYS worrying about the princess
toadsworth
42.1%
the one who loves the shadow theif.
birdo
37.9%
the aleins from partners in time
shroob
33.2%
the leader of the bleck army
count bleck
32.1%
a revamped version of the bullet bill
banzai bill
30.9%
he appeared in super mario galaxy and 64.
king whomp
28.6%
the second in command leader of the shroobs
princess shroob
26.8%
she is another ally to the bleck army
mimi
26.1%
the witch in superstar saga
cackletta
25.4%
'chippy'
starlow
24.3%
the crazy demonic jester
dimentio
24.3%
the queen of the beanbean kingdom
queen bean
23.2%
these guys r literally the bomb!
bomb-omb
23.2%
an incredibly large bill
king bill
22.7%
the sister of the 2nd in command u know the rest
elder princess shroob
20.4%
'the shadow theif'
popple
18.9%
fawful's assistant
midbus
17.5%
the son of the queen of the beanbean kingdom
prince peasley
16.8%
he invented the time machine in PIT.
proff. E. gadd
5%
Quiz Playlist
Details
Report
Send in Message
Add To Playlist
More Info:
name some of most famous the mario characters
Classic:
Type in answers that appear in a list
Last Updated: Feb 16, 2017
Quiz Scoreboard
CHALLENGE
Sign Up to Join the Scoreboard
Show All
Scores
Hide
Comments
May contain spoilers
Recently Published
An Introduction to Baseball
by treessimontrees
Sports
5m
Movies - When Are They Set?
by FPL_Elf
Movies
5m
Popular People in 1961
by mucciniale
History
6m
More to Explore
Quiz From the Vault
Featured Blog Post
Where Did the Easter Bunny Come From?
hide this ad
You Might Also Like...
Tags
Mario Quiz
Character
Today's Top Quizzes in Just For Fun
Browse Just For Fun
hide this ad
Today's Top Quizzes in Mario
Browse Mario
Top Contributed Quizzes in Just For Fun
1
Crossword Whiteout! 49
2
Harry Potter Logic - 'In Chains' II
3
Killer Double Trees 224 - Colour Match-Up
4
Survivor Winners Logic Puzzle
5
Zeroing In: Just For Fun
6
Word Ladder: Ahoy Matey
7
Thermometer Puzzle 25
8
Aquarium Logic Puzzle 17
9
Edinburgh Fringe jokes 2015
10
Big Thermometer Puzzle 21
Explore More
Trending Topics
Marvel
Crossword
NBA
Kpop
Disney
Anime
Harry Potter
Puzzle
Country
Song
The Office
NFL
Pokémon
Soccer
WWE
hide this ad
More By:
IHaveFURY
Quiz
Plays
Rating
Category
Featured
Created
try to geuss my favorite kirby character
546
1.64
Just For Fun
Dec 7, 2012
Name some of the most famous mario characters
280
2.33
Just For Fun
Nov 10, 2012
Name the invader zim characters
81
2.00
Just For Fun
Nov 30, 2012
Go to Creator's Profile
Score Distribution
Quiz Creator Spotlight
IHaveFURY
Follow
Send a Message
Quizzes Created
-
Created Quiz Play Count
-
More By This Creator
Popular Quizzes Today
1
Find the Countries of Europe - No Outlines Minefield
2
Find the US States - No Outlines Minefield
3
The Countries of the World
4
Popular People in 1961
5
Find the US States
6
US States
7
1-10 Letter E Words III
8
Risky Map Clicking: Biggest States A-Z
More Just For Fun Quizzes
Quick Pick: Cities in South Korea
Published
Trending Quizzes
Risky Map Clicking: Least Populous States A-Z
1-10 Letter F Words
1-10 Letter G Words
Not Quite an Element Typing Challenge
One Thing in Common: United Kingdom
Recently Updated
Leaping Animals
pecheneg
Reality TV Shows (A-Z)
bhenderson79
Rickey Henderson's Hall of Fame Teammates
pecheneg
Champions League XIs: Arsenal
pecheneg
Quick Pick: Celebrities in WWE's Hall of Fame
aduchscher
A-Z Keypad Blitz II
pecheneg
Multiple Oscar Actors
pecheneg
Mystery Phrase Blitz: Oscar 'Best Actors'
pecheneg
F. Scott Fitzgerald Novels
LTH
Pick 3 Villains
ddd62291
Trending Topics
Kpop
Crossword
Anime
NBA
Harry Potter
Disney
Marvel
NFL
WWE
Puzzle
The Office
Pokémon
Song
Soccer
Country
Your Account Isn't Verified!
In order to create a playlist on Sporcle, you need to verify the email address you used during registration. Go to your
Sporcle Settings
to finish the process.
Report this User
Report this user for behavior that violates our
Community Guidelines
.
Details:
Send Report
Go to the Sporcle.com Mobile Site →
Comments